Sivil toplum (Record no. 9130)

MARC details
000 -BAŞLIK
Sabit Uzunlukta Kontrol Alanı 01950na a2200433 4500
999 ## - SİSTEM KONTROL NUMARALARI (KOHA)
Koha Biblionumber 9130
Koha Biblioitemnumber 9130
001 - KONTROL NUMARASI
Denetim Alanı 19683
003 - KONTROL NUMARASI IDENTIFIER
Denetim Alanı MIRAKIL
005 - SON İŞLEM TARİHİ VE ZAMANI
Denetim Alanı 20210322155100.0
008 - SABİT-BOY VERİ ELEMANLARI - GENEL BİLGİLER
Sabit Uzunlukta Kontrol Alanı 170126b tu 000 0
035 ## - SİSTEM KONTROL NUMARASI
Sistem Kontrol Numarası 19683
040 ## - KATALOGLAMA KAYNAK
Orijinal Kataloglama Ajansı TR-AnCHP
Kataloglama Dili tur
Metne Dönüştürmek Ajansı TR-AnCHP
041 ## - DİL KODU
Metin / Ses Parça Veya Ayrı Başlığın Dil Kodu tur
082 ## - DEWEY ONLU SINIFLANDIRMA NUMARASI
Sınıflandırma Numarası CHP 324.2372
Ürün Numarası C36s 2011
090 ## - SINIFLAMA NUMARASI
Sınıflama Numarası BROŞÜR 99
110 ## - ANA GİRİŞ - KURUMSAL ADI
Giriş Elemanı Olarak Kurumsal Ad Veya Yargı Alanı Adı Cumhuriyet Halk Partisi (CHP)
Alt Birim Bilim, Yönetim ve Kültür Platformu
222 ## - ANAHTAR ADI
Anahtar Başlık Sivil toplum programı
245 ## - BAŞLIK TABLOSU
Başlık Sivil toplum
Başlığın Kalan Özgür insan kardeşçe yaşam
Sorumluluk Tablosu, Vb CHP Bilim, Yönetim ve Kültür Platformu
246 ## - UNVAN FORM VARYING
Başlık Doğru / Kısa Başlığı Özgür insan kardeşçe yaşam
260 ## - YAYIN, DAĞITIM, VB
Yayın, Dağıtım, Vb Yeri Ankara
Yayıncı, Dağıtıcı, Vs Adı CHP
Yayın, Dağıtım, Vb Tarihi 2011
300 ## - FİZİKSEL TANIM
Kapsam 32 s.
Diğer Fiziksel Ayrıntıları rnkl. fotg.
Boyutlar 21 sm.
440 ## - SERİSİ TABLOSU / KATMA GİRİŞİ - BAŞLIK
Başlık Cumhuriyet Halk Partisi yayınları
Bir İşin Parçası / Bölümün İsmi Herkes için CHP dizisi
Hacim / Ardışık Tanımı Programlar
490 ## - SERİSİ TABLOSU
Seri Beyanı CHP Bilim, Yönetim ve Kültür Platformu çalışmaları
Hacim / Ardışık Tanımı 2
505 ## - BİÇİMLENDİRİLDİ İÇİNDEKİLER NOT
Biçimlendirilmiş İçeriği Dikkat Cumhuriyet Halk Partisi ve sivil toplum - Türkiye'de sivil toplum - Daha güçlü sivil toplum daha güçlü demokrasi -- Daha güçlü sivil toplum için CHP'nin çözüm önerileri
600 ## - KONU KATMA GİRİŞ - KURUMSAL ADI
Kişisel Ad Kılıçdaroğlu, Kemal
Başlıklar Ve Bir Adla İlişkili Diğer Kelimeler CHP Genel Başkanı
Genel Alt Bölümü Seçim kampanyaları, 2011
Kronolojik Alt Bölümü Sivil toplum
600 ## - KONU KATMA GİRİŞ - KURUMSAL ADI
Kişisel Ad Kılıçdaroğlu, Kemal
Genel Alt Bölümü Propaganda ve ideolojiler
Kronolojik Alt Bölümü Sivil toplum
610 ## - KONU KATMA GİRİŞ - TOPLANTI ADI
Giriş Elemanı Olarak Kurumsal Ad Veya Yargı Alanı Adı CHP
Genel Alt Bölüm Propaganda ve ideolojiler
Kronolojik Alt Bölüm Kılıçdaroğlu dönemi
-- Genel seçimler, 2011
610 ## - KONU KATMA GİRİŞ - TOPLANTI ADI
Giriş Elemanı Olarak Kurumsal Ad Veya Yargı Alanı Adı CHP
Genel Alt Bölüm Seçim kampanyaları, 2011
Kronolojik Alt Bölüm İnsan hakları
610 ## - KONU KATMA GİRİŞ - TOPLANTI ADI
Giriş Elemanı Olarak Kurumsal Ad Veya Yargı Alanı Adı CHP
Genel Alt Bölüm Programlar, 2011
Kronolojik Alt Bölüm Sivil toplum
610 ## - KONU KATMA GİRİŞ - TOPLANTI ADI
Giriş Elemanı Olarak Kurumsal Ad Veya Yargı Alanı Adı CHP
Genel Alt Bölüm Sivil toplum sorunu
Kronolojik Alt Bölüm Çözüm önerileri
651 ## - KONU KATMA GİRİŞ - COĞRAFİ ADI
Coğrafi İsim Türkiye
Genel Alt Bölümü Siyaset ve yönetim
Kronolojik Alt Bölümü 2011-2015
710 ## - KATMA GİRİŞ - KURUMSAL ADI
Giriş Elemanı Olarak Kurumsal Ad Veya Yargı Alanı Adı Cumhuriyet Halk Partisi (CHP)
Alt Birim Bilim, Yönetim ve Kültür Platformu
740 ## - KATMA GİRİŞ - KONTROLSUZ İLGİLİ / ANALİTİK BAŞLIK
Kontrol Edilmeyen / İlgili Analitik Başlıktaki Özgür insan kardeşçe yaşam
830 ## - SERİSİ EKLENDİ GİRİŞ - ÜNİFORM ADI
Üniforma Başlık CHP programları
830 ## - SERİSİ EKLENDİ GİRİŞ - ÜNİFORM ADI
Üniforma Başlık Herkes için CHP dizisi
942 ## - EKLENDİ GİRİŞ ELEMANLARI (KOHA)
Koha Öğesi Türü Books
999 ## - SİSTEM KONTROL NUMARALARI (KOHA)
Koha Biblioitemnumber 9130
Holdings
Kalıcı Konum Mevcut Konum Edinme Tarihi Edinim Kaynak Toplam Check-Out'Lar Tam Çağrı Numarası Barkod Tarih Son Görülme İtibaren Geçerli Fiyatlar Koha Öğesi Türü
CHP Kütüphanesi CHP Kütüphanesi 12/25/2016 Bağış   BROŞÜR 99 011230 12/25/2016 12/25/2016 Visual Material